| 000 | 00794nam a22001937a 4500 | ||
|---|---|---|---|
| 999 |
_c17009 _d17009 |
||
| 003 | AR-CdUCM | ||
| 008 | 190507b ||||| |||| 00| 0 spa d | ||
| 040 |
_aMUNICIPALIDAD PROVINCIAL DEL CUSCO _cBIBLIOTECA MUNICIPAL DEL CUSCO |
||
| 082 |
_a951 / _bD72 |
||
| 100 |
_aDoak Barnett, A. _936816 |
||
| 245 |
_aChina después de Mao : _bCon una selección de documentos / |
||
| 260 |
_aBuenos Aires : _bPaidos, _c1967. |
||
| 300 |
_a250 páginas ; _c19 cm. |
||
| 440 |
_aBiblioteca mundo moderno. _936817 |
||
| 505 | _aContenido :Problemas y dilemas sin resolver -- Formulas de Mao para el futuro -- La sucesión y el cambio generacional -- Sobre el falso comunismo de Jruschov y sus lecciones históricas mundiales ... | ||
| 650 |
_aNovela. _95 |
||
| 942 |
_2ddc _cLIBROS |
||
| 945 |
_arum _d2019-05-07 |
||